000 00233nam a2200097Ia 4500
008 190216s9999||||xx |||||||||||||| ||und||
100 _aBaskaran C
245 0 _aIndia Charithram Madhyakalam
260 _bKerala Basha Inst
942 _cBK
999 _c19072
_d19072